| 000 | 00658nam a2200241Ia 4500 | ||
|---|---|---|---|
| 003 | OSt | ||
| 005 | 20220926023054.0 | ||
| 006 | a|||||r|||| 00| 0 | ||
| 007 | ta | ||
| 008 | 220923b |||||||| |||| 00| 0 eng d | ||
| 037 | _cGeneral Book | ||
| 040 |
_aRTL _cRTL _beng |
||
| 041 |
_2eng _aeng |
||
| 082 | _aW:28, L6 | ||
| 100 |
_aHood Christopher C _9119852 |
||
| 245 | 0 | _aLimits of administration | |
| 260 |
_aNew York _bWiley _c1976 |
||
| 300 |
_axii, 213p _ccm. |
||
| 500 | _aBibliography chapterwise | ||
| 650 |
_aPublic Administration _911039 |
||
| 942 |
_hW:28, L6 _cGB _2CC |
||
| 999 |
_c640887 _d640887 |
||